000 00805nam a2200229Ia 4500
003 GCL
005 20240530103109.0
008 140319s9999 xx 000 0 ara d
040 _aGCL /
_cGCL
082 0 4 _a415.1
_bا ا
100 1 _aابن هشام ، ابو محمد عبدالله
245 1 0 _aالاعراب عن قواعد الاعراب /
_cابن هشام ، ابو محمد عبدالله
260 _a[ القاهرة ] :
_bمكتبة الاداب ،
_c1991
300 _a48 ص
_b24 سم
650 0 4 _aالنحو
650 0 4 _aاللغة العربية
650 0 4 _aالجملة الاسمية
650 0 4 _aالنحو - الجار والمجرور
650 0 4 _aالنحو - الجملة الاسمية
650 0 4 _aالنحو - الجملة الفعلية
942 _2ddc
_cBK
999 _c36798
_d36798